000 005540000a22001690004500
003 MACL
005 20160218122204.0
008 160218b xxu||||| |||| 00| 0 eng d
040 _aMACL
_cMACL
041 _aHindi
082 _a400
100 _aजनार्दन श्री एलूरू
_938824
245 _aहिन्‍दी कन्‍नड स्‍वयं शिक्षक
260 _bकेंदी्य हिंदी निदेशालय
_aभोपाल
650 _aLanguage
_938825
942 _cHIN
_k400
_2ddc
999 _c29244
_d29244